000 03026cam a2200433 i 4500
001 data
005 20260322212105.0
008 data
035 _a19219692
906 _a7
_bcbc
_ccopycat
_d2
_eepcn
_f20
_gy-gencatlg
925 0 _aacquire
_b1 shelf copy
_xpolicy default
010 _a 2016950301
020 _a9780198766124
020 _a0198766122
035 _a(OCoLC)944463019
040 _aYDXCP
_beng
_cYDXCP
_erda
_dDLC
_dOCLCQ
_dBDX
_dGRU
_dYDX
_dOCLCO
_dQGK
_dOCLCF
_dCHVBK
_dOCLCO
_dLBRTY
_dDEBSZ
_dRCJ
_dCLU
_dNLGGC
_dOCLCO
_dDLC
042 _alccopycat
050 0 0 _aK3165
_b.G739 2016
082 0 4 _a342
_223
084 _a86.50
_2bcl
084 _a86.51
_2bcl
100 1 _aGrimm, Dieter,
_d1937-
_eauthor.
245 1 0 _aConstitutionalism :
_bpast, present, and future /
_cDieter Grimm, Professor of Law, Humboldt University of Berlin, Former Justice of the Federal Constitutional Court of Germany, Former Director of the Wissenschaftskolleg zu Berlin Institute for Advanced Study.
264 1 _aOxford, United Kingdom :
_bOxford University Press,
_c2016.
300 _aviii, 383 pages ;
_c24 cm
336 _atext
_btxt
_2rdacontent
337 _aunmediated
_bn
_2rdamedia
338 _avolume
_bnc
_2rdacarrier
490 1 _aOxford Constitutional Theory
504 _aIncludes bibliographical references (pages 377-378) and index.
505 0 0 _tThe achievement of constitutionalism and its prospects in a changed world.
_tConditions for emergence and effectiveness of modern constitutionalism --
_tBasic rights in the formative era of modern society --
_tThe concept of constitutionalism in historical perspective --
_tThe function of constitutions and guidelines for constitutional reform --
_tIntegration by constitution --
_tFundamental rights in the interpretation of the German Constitutional Court --
_tReturn to the traditional understanding of fundamental rights? --
_tConstitutions, constitutional courts, and constitutional interpretation at the interface of law and politics --
_tConstitutional adjudication and democracy --
_tThe future of constitutionalism --
_tCan democracy by bargaining be constitutionalized? --
_tThe role of national constitutions in a united Europe --
_tThe democratic costs of constitutionalization : the European case --
_tThe constitution in the process of de-nationalization --
_tSocietal constitutionalism : compensation for the decline in the importance of the state constitution? --
_tLevels of the rule of law : on the possibility of exporting a Western achievement --
_tThe achievement of constitutionalism and its prospects in a changed world.
650 0 _aConstitutional law.
650 0 _aConstitutional history.
650 7 _aConstitutional history.
_2fast
_0(OCoLC)fst00875777
650 7 _aConstitutional law.
_2fast
_0(OCoLC)fst00875797
830 0 _aOxford constitutional theory.
856 4 _3Inhaltsverzeichnis
_uhttp://swbplus.bsz-bw.de/bsz469806486inh.htm
_v20161117135408
999 _c1544
_d1544